Statistics for Every U20 Rugby Championship Best Result

Click here to take the quiz!

General Stats

  • This quiz has been taken 6 times
  • The average score is 16 of 18

Answer Stats

CountryYearsDebutMost RecentBest Finish% Correct
England132008 (2nd)2023 (4th)Champions (2013,2014,2016)
100%
France132008 (6th)2023 (1st)Champions (2018,2019,2023)
100%
Ireland132008 (9th)2023 (2nd)2nd (2016,2023)
100%
Italy112008 (11th)2023 (11th)8th (2017)
100%
New Zealand132008 (Champions)2023 (7th)Champions (2008,2009,2011,2012,2015,2017)
100%
Tonga42008 (13th)2011 (12th/Relegated)10th (2009)
100%
Uruguay12009 (16th/Relegated)2009 (12th/Relegated)16th (2009)
100%
Argentina132008 (8th)2023 (9th)3rd (2016)
83%
Australia132008 (5th)2023 (5th)2nd (2010,2019)
83%
Canada22008 (12th)2009 (14th/Relegated)12th (2008)
83%
Fiji92008 (14th)2023 (10th)6th (2013)
83%
Georgia52016 (10th)2023 (8th)8th (2023)
83%
Samoa82008 (7th)2017 (12th/Relegated)7th (2008,2009)
83%
Scotland122008 (10th)2019 (12th/Relegated)5th (2016)
83%
South Africa132008 (3rd)2023 (3rd)Champions (2013)
83%
Wales132008 (4th)2023 (6th)2nd (2013)
83%
Japan62008 (15th)2023 (12th Relegated)10th (2015)
67%
United States22008 (16th/Relegated)2013 (12th/Relegated)12th (2013)
67%

Score Distribution

Percentile by Number Answered

Percent of People with Each Score

Your Score History

You have not taken this quiz